<?xml version="1.0" encoding="UTF-8"?><?xml-stylesheet type="text/xsl" href="static/style.xsl"?><OAI-PMH xmlns="http://www.openarchives.org/OAI/2.0/" xmlns:xsi="http://www.w3.org/2001/XMLSchema-instance" xsi:schemaLocation="http://www.openarchives.org/OAI/2.0/ http://www.openarchives.org/OAI/2.0/OAI-PMH.xsd"><responseDate>2026-04-18T13:05:52Z</responseDate><request verb="GetRecord" identifier="oai:riubu.ubu.es:10259/4843" metadataPrefix="marc">https://riubu.ubu.es/oai/request</request><GetRecord><record><header><identifier>oai:riubu.ubu.es:10259/4843</identifier><datestamp>2021-11-10T09:53:34Z</datestamp><setSpec>com_10259.4_2496</setSpec><setSpec>com_10259.4_2477</setSpec><setSpec>com_10259.4_106</setSpec><setSpec>com_10259_2604</setSpec><setSpec>col_10259.4_2497</setSpec></header><metadata><record xmlns="http://www.loc.gov/MARC21/slim" xmlns:doc="http://www.lyncode.com/xoai" xmlns:xsi="http://www.w3.org/2001/XMLSchema-instance" xmlns:dcterms="http://purl.org/dc/terms/" xsi:schemaLocation="http://www.loc.gov/MARC21/slim http://www.loc.gov/standards/marcxml/schema/MARC21slim.xsd">
<leader>00925njm 22002777a 4500</leader>
<datafield tag="042" ind1=" " ind2=" ">
<subfield code="a">dc</subfield>
</datafield>
<datafield tag="720" ind1=" " ind2=" ">
<subfield code="a">Pérez Ruiz, Marta</subfield>
<subfield code="e">author</subfield>
</datafield>
<datafield tag="260" ind1=" " ind2=" ">
<subfield code="c">2017-01</subfield>
</datafield>
<datafield tag="520" ind1=" " ind2=" ">
<subfield code="a">La aplicación del Expediente de Regulación de&#xd;
Empleo (ERE) de RTVE al centro territorial de&#xd;
Castilla y León supuso una reducción muy&#xd;
importante de su producción, sobre todo, porque&#xd;
esta delegación había contado los años&#xd;
anteriores con un programación ampliada&#xd;
gracias a un convenio suscrito entre la Junta de&#xd;
Castilla y León y RTVE. Este Centro dejó de realizar&#xd;
esos programas y se dedicó al trabajo para los&#xd;
informativos regionales y los encargos para la&#xd;
emisión nacional. Desde el año 2005 esta&#xd;
delegación ha pasado de ser un centro territorial&#xd;
a una corresponsalía para TVE aunque con&#xd;
producción regional limitada a poco menos de&#xd;
cuarenta minutos diarios.</subfield>
</datafield>
<datafield tag="520" ind1=" " ind2=" ">
<subfield code="a">The application of Employment Regulation&#xd;
Procedures of Spanish Television Broadcasting&#xd;
(RTVE) on the Castilla y Leon regional network led&#xd;
to a very substantial reduction of its production,&#xd;
mainly because this delegation had an extended&#xd;
programming thanks to an agreement among&#xd;
the Junta de Castilla y Leon and RTVE the&#xd;
previous years. The regional network stopped&#xd;
making these programs and devoted itself to&#xd;
working on regional information and assignments&#xd;
for the national broadcast. Since 2005 this&#xd;
delegation shifted to an associated news service,&#xd;
although with a regional production limited to less&#xd;
than forty minutes per day.</subfield>
</datafield>
<datafield tag="024" ind2=" " ind1="8">
<subfield code="a">1989-872X</subfield>
</datafield>
<datafield tag="024" ind2=" " ind1="8">
<subfield code="a">http://hdl.handle.net/10259/4843</subfield>
</datafield>
<datafield tag="024" ind2=" " ind1="8">
<subfield code="a">10.14198/MEDCOM2017.8.1.12</subfield>
</datafield>
<datafield ind1=" " ind2=" " tag="653">
<subfield code="a">Castilla y León</subfield>
</datafield>
<datafield ind1=" " ind2=" " tag="653">
<subfield code="a">información</subfield>
</datafield>
<datafield ind1=" " ind2=" " tag="653">
<subfield code="a">producción</subfield>
</datafield>
<datafield ind1=" " ind2=" " tag="653">
<subfield code="a">regional</subfield>
</datafield>
<datafield ind1=" " ind2=" " tag="653">
<subfield code="a">RTVE</subfield>
</datafield>
<datafield ind1=" " ind2=" " tag="653">
<subfield code="a">televisión pública</subfield>
</datafield>
<datafield ind1=" " ind2=" " tag="653">
<subfield code="a">information</subfield>
</datafield>
<datafield ind1=" " ind2=" " tag="653">
<subfield code="a">production</subfield>
</datafield>
<datafield ind1=" " ind2=" " tag="653">
<subfield code="a">regional</subfield>
</datafield>
<datafield ind1=" " ind2=" " tag="653">
<subfield code="a">Spanish Television Brodcasting</subfield>
</datafield>
<datafield ind1=" " ind2=" " tag="653">
<subfield code="a">public television</subfield>
</datafield>
<datafield tag="245" ind1="0" ind2="0">
<subfield code="a">Radiotelevisión Española (RTVE) Castilla y León. Evolución de centro territorial a corresponsalía informativa</subfield>
</datafield>
</record></metadata></record></GetRecord></OAI-PMH>